Medieval Europe/ (Record no. 18482)

MARC details
000 -LEADER
fixed length control field 00978cam a22003011 4500
001 - CONTROL NUMBER
control field 8695558
003 - CONTROL NUMBER IDENTIFIER
control field BDDh-ASL
005 - DATE AND TIME OF LATEST TRANSACTION
control field 20231015025717.0
008 - FIXED-LENGTH DATA ELEMENTS--GENERAL INFORMATION
fixed length control field 740906s19481911en 000 0 eng
010 ## - LIBRARY OF CONGRESS CONTROL NUMBER
LC control number 11016486
035 ## - SYSTEM CONTROL NUMBER
System control number (OCoLC)999903
040 ## - CATALOGING SOURCE
Original cataloging agency DLC
Transcribing agency MNtcA
Modifying agency BDDh-ASL
041 ## - LANGUAGE CODE
Language code of text/sound track or separate title eng
042 ## - AUTHENTICATION CODE
Authentication code premarc
050 00 - LIBRARY OF CONGRESS CALL NUMBER
Classification number D118
Item number .D2
082 ## - DEWEY DECIMAL CLASSIFICATION NUMBER
Classification number 940
Item number DAM
100 1# - MAIN ENTRY--PERSONAL NAME
Personal name Davis, H. W. Carless
Fuller form of name (Henry William Carless),
Dates associated with a name 1874-1928.
245 10 - TITLE STATEMENT
Title Medieval Europe/
Statement of responsibility, etc. by H. W. G. Davis.
260 ## - PUBLICATION, DISTRIBUTION, ETC.
Place of publication, distribution, etc. London:
Name of publisher, distributor, etc. Williams and Norgate,
Date of publication, distribution, etc. [c1911]
300 ## - PHYSICAL DESCRIPTION
Extent 196 p. :
Other physical details illus. (maps)
Dimensions 17 cm.
490 0# - SERIES STATEMENT
Series statement Home university library of modern knowledge. New York, H. Holt and company
500 ## - GENERAL NOTE
General note Title and added title within ornamental borders.
504 ## - BIBLIOGRAPHY, ETC. NOTE
Bibliography, etc. note Includes bibliographical references and index.
650 #0 - SUBJECT ADDED ENTRY--TOPICAL TERM
Topical term or geographic name entry element Middle Ages.
651 #0 - SUBJECT ADDED ENTRY--GEOGRAPHIC NAME
Geographic name Europe
General subdivision History
Chronological subdivision 476-1492.
906 ## - LOCAL DATA ELEMENT F, LDF (RLIN)
a 7
b cbc
c oclcrpl
d u
e ncip
f 19
g y-gencatlg
942 ## - ADDED ENTRY ELEMENTS (KOHA)
Source of classification or shelving scheme Dewey Decimal Classification
Koha item type Books
Holdings
Withdrawn status Lost status Source of classification or shelving scheme Damaged status Not for loan Collection code Home library Current library Shelving location Date acquired Source of acquisition Total Checkouts Full call number Barcode Date last seen Copy number Price effective from Koha item type Public note
    Dewey Decimal Classification   Not For Loan Non-fiction Asiatic Society Library Asiatic Society Library Harrison Collection 10/11/2020 Donated by Prof. John B. Harrison   940 DAM 101673 10/11/2020 C-1 10/11/2020 Books RARE

Powered by Koha